banner koha

Influencia de fatores nutricionais sobre a eficiencia reprodutiva da femea [suino] (Registro n. 334736)

MARC details
000 -LÍDER
campo de controle de tamanho fixo 01680naa a22003737a 4500
001 - NÚMERO DE CONTROLE
campo de controle BR8401027
003 - IDENTIFICADOR DO NÚMERO DE CONTROLE
campo de controle BR-BrBNA
005 - DATA E HORÁRIO DA ÚLTIMA TRANSAÇÃO
campo de controle 20250721154431.0
007 - CAMPO FIXO DE DESCRIÇÃO FÍSICA--INFORMAÇÃO GERAL
campo de controle de tamanho fixo ta
008 - CAMPO DE DADOS FIXOS--INFORMAÇÃO GERAL
campo de controle de tamanho fixo 250630b bl.|||m| |||| 00| 0 por d
040 ## - FONTE DA CATALOGAÇÃO
Instituição da catalogação original BR-BrBNA
Idioma da catalogação por
Instituição que transcreveu o registro Biblioteca Nacional de Agricultura
041 ## - CÓDIGO DE IDIOMA
Código do idioma do texto/trilha sonora ou título diferente (Pt)
072 ## - CÓDIGO DE CATEGORIA DE ASSUNTO
Código de Categoria de Assunto L30; L10
Código do objeto 5300
090 ## - NÚMERO DE CHAMADA LOCAL
Número de chamada L30 BR8401027
100 1# - ENTRADA PRINCIPAL--NOME PESSOAL
Nome pessoal Roppa, L.
111 1# - ENTRADA PRINCIPAL--NOME DO EVENTO
Nome do evento ou lugar 3. Simposio do Centro Nacional de Pesquisa de Suinos e Aves; 2. Simposio Catarinense de Sanidade Suina
Local do evento Concordia, SC (Brazil)
Data do evento ou assinatura do tratado 7-11 Nov 1983
245 1# - TÍTULO
Título Influencia de fatores nutricionais sobre a eficiencia reprodutiva da femea [suino]
246 1# - FORMA VARIANTE DO TÍTULO
Título/título abreviado [Influence of nutritional factors on female reproductive efficiency [swine]]
246 1# - FORMA VARIANTE DO TÍTULO
Título/título abreviado [Annals of the 3. Symposium of the National Center of Swine and Poultry Research and of the 2. Swine Health Symposium of Santa Catarina]
490 ## - TÍTULO DA SÉRIE
Título da série Documentos - Centro Nacional de Pesquisa de Suinos e Aves (Brazil)
Número do volume ou designação sequencial da série no. 7
500 ## - NOTA GERAL
Nota geral Anais do 3. Simposio do Centro Nacional de Pesquisa de Suinos e Aves e do 2. Simposio Catarinense de Sanidade Suina<br/>Concordia, SC (Brasil): 1983. p. 166-196 [24 tables; 18 ref.; Summary (Pt)]<br/>(BR8401027-AMS)<br/>
650 ## - ASSUNTO--TERMO TÓPICO
Cabeçalho tópico ou nome geográfico SUINO
650 ## - ASSUNTO--TERMO TÓPICO
Cabeçalho tópico ou nome geográfico FEMEA
650 ## - ASSUNTO--TERMO TÓPICO
Cabeçalho tópico ou nome geográfico EFICIENCIA REPRODUTIVA
650 ## - ASSUNTO--TERMO TÓPICO
Cabeçalho tópico ou nome geográfico NUTRICAO ANIMAL
650 ## - ASSUNTO--TERMO TÓPICO
Cabeçalho tópico ou nome geográfico MANEJO
650 ## - ASSUNTO--TERMO TÓPICO
Cabeçalho tópico ou nome geográfico PRENHEZ
650 ## - ASSUNTO--TERMO TÓPICO
Cabeçalho tópico ou nome geográfico DESMAMA
650 ## - ASSUNTO--TERMO TÓPICO
Cabeçalho tópico ou nome geográfico RACAO
650 ## - ASSUNTO--TERMO TÓPICO
Cabeçalho tópico ou nome geográfico CONSUMO
773 0# - ENTRADA ANALÍTICA
Título Anais do 3. Simposio do Centro Nacional de Pesquisa de Suinos e Aves e do 2. Simposio Catarinense de Sanidade Suina
Número de controle do registro L30 BR8401027
Partes relacionadas Concordia, SC (Brasil), 1983. p. 166-196
942 ## - ELEMENTOS DE ENTRADA ADICIONADOS (KOHA)
Tipo de material Koha Analítica de Monografia Seriada
Fonte da classificação ou esquema de arquivamento na estante Classificação AGRIS
909 ## -
-- 202506
-- Lúcia
-- 55
-- Lúcia Elande
Exemplares
Situação do descarte Fonte da classificação ou esquema de arquivamento na estante Situação física Não pode ser emprestado Coleção Biblioteca de origem Biblioteca atual Total de empréstimos Data de último acesso Número do exemplar Tipo de material Koha Situação das perdas Data de aquisição Fonte de aquisição
  Classificação AGRIS       Biblioteca Nacional de Agricultura - Binagri Biblioteca Nacional de Agricultura - Binagri   30/06/2025 01 Analítica de Monografia Seriada   2025-06-30 Portaria Interministerial nº 164/94

BINAGRI

Telefone: (61)3218-2567/2388/3357/2097 - binagri@agro.gov.br

Ministério da Agricultura e Pecuária , Esplanada dos Ministérios, Bloco D, Anexo B, Brasília/DF, CEP: 70.043-900